| 000 | 01122nam a22002537a 4500 | ||
|---|---|---|---|
| 005 | 20170124103059.0 | ||
| 010 | _aB-245980 | ||
| 020 |
_c250.00 _a81892150000 |
||
| 035 | _aB-245980 | ||
| 037 | _bCen Lib/Ret | ||
| 040 |
_aDPL _bHN |
||
| 082 |
_a509.2 _bलवकु |
||
| 100 |
_aलवकुश सिंह _976331 |
||
| 245 |
_aप्रसिद्ध वैज्ञानिक / _cलवकुश सिंह |
||
| 246 |
_aPrasiddh vaigyanik / _bby Lavkush singh |
||
| 260 |
_aदिल्ली _bडव पब्लिकेशन्स _c2007 |
||
| 270 |
_aबी-97, चेतक अपार्टमेंट, सेक्टर-9, रोहिणी _bदिल्ली _e110085 |
||
| 300 |
_a224पृ. : _c21सेमी (सजिल्द) _bसचित्र |
||
| 650 |
_aअविष्कारों का इतिहास _976332 |
||
| 650 |
_aप्रसिद्ध वैज्ञानिक--संसार _91085 |
||
| 650 |
_aHistory of inventions _976333 |
||
| 650 |
_aThe famous scientist--World _976334 |
||
| 942 |
_2ddc _cHN _h509.2 _mलवकु |
||
| 999 |
_c117691 _d117691 |
||